000 00751nam a2200265 a 4500
003 AR-BaBNM
005 20251128203303.0
008 082120s2002 ||||||||||||||000 | spa||
020 _a950-43-0103-0
040 _cAR-BaBNM
100 0 _aJanosch
245 0 0 _aVamos a buscar un tesoro
260 _aBuenos Aires
_bAlfaguara
_bSantillana
_c1988
300 _a47 p.
_bil.
490 0 _aAlfaguara infantil. Amarilla
_vv. 6
500 _aTexto de lectura recomendado para niños de 2 grado de escuela primaria
650 4 _aLITERATURA INFANTIL
650 4 _aENSEÑANZA DE LA LECTURA
650 4 _aLIBROS PARA NIÑOS
650 4 _aCUENTOS DE ANIMALES
653 _aEDUCACION PRIMARIA
655 _aLITERATURA
942 _cBK
998 _claura
999 _c2731
_d2731